[Event "Challenge"]
[Site "http://www.queenalice.com/game.php?id=181278"]
[Date "2007.3.13"]
[Round "-"]
[White "Moondawg"]
[Black "Sandro"]
[Result "1-0"]
[WhiteElo "1748"]
[BlackElo "1750"]

1. e4 e5 2. Nf3 d5 3. exd5 Bd6 4. d3 h6 5. Be2 g5 6. Nc3 f5 7. Ng1 Nf6 8. Bh5+
Kf8 9. Be2 g4 10. h3 g3 11. fxg3 e4 12. Be3 Bxg3+ 13. Kd2 b6 14. Qf1 Be5 15. d4
Bd6 16. Rd1 Bb4 17. a3 Bxc3+ 18. Kxc3 Qxd5 19. Bc4 Qa5+ 20. Kb3 c6 21. Bd2 Qd5
22. Bxd5 Nxd5 23. Bf4 Be6 24. c4 Nxf4 25. Qxf4 Nd7 26. g4 b5 27. gxf5 bxc4+ 28.
Kc3 Bd5 29. Qd6+ Ke8 30. Re1 Rb8 31. Nf3 Rb3+ 32. Kc2 Rxf3 33. Ref1 h5 34. Rxf3
exf3 35. Qc7 Rf8 36. Re1+ 1-0

[Event "Challenge"]
[Site "http://www.queenalice.com/game.php?id=181861"]
[Date "2007.3.14"]
[Round "-"]
[White "Sandro"]
[Black "Guilherme_Ottoni"]
[Result "1-0"]
[WhiteElo "1526"]
[BlackElo "1746"]

1. e4 e5 2. Nf3 Nc6 3. d4 exd4 4. Bd3 Bc5 5. a3 d5 6. e5 Qe7 7. O-O Bg4 8. Re1
O-O-O 9. b4 Bb6 10. Nbd2 Nh6 11. Bb2 Rde8 12. h3 Bf5 13. b5 Na5 14. Nxd4 Bxd3
15. cxd3 Bxd4 16. Bxd4 b6 17. f4 Nf5 18. Bf2 h5 19. g3 g6 20. a4 f6 21. Nb3 Nxb3
22. Qxb3 d4 23. a5 fxe5 24. axb6 cxb6 25. Rxe5 Qb7 26. Bxd4 Nxg3 27. Rc1+ Kb8
28. Rc6 Rxe5 29. Bxe5+ Ka8 30. Bxh8 Qb8 31. Be5 1-0

[Event "Challenge"]
[Site "http://www.queenalice.com/game.php?id=184149"]
[Date "2007.3.18"]
[Round "-"]
[White "tewald"]
[Black "Sandro"]
[Result "1-0"]
[WhiteElo "1758"]
[BlackElo "1655"]

1. e4 e5 2. d3 Nc6 3. f4 d5 4. exd5 Qxd5 5. Nc3 Qd6 6. Ne4 Qd7 7. h3 a6 8. g3 b5
9. Bg2 f5 10. Nf2 Bd6 11. Nf3 Bb7 12. O-O O-O-O 13. b3 h6 14. fxe5 Nxe5 15. Bb2
Nxf3+ 16. Bxf3 Bxg3 17. Bxb7+ Kxb7 18. Qf3+ c6 19. Qxg3 Rh7 20. c4 g5 21. a4 f4
22. Qf3 b4 23. Ne4 Qxd3 24. Nc5+ 1-0

[Event "Challenge"]
[Site "http://www.queenalice.com/game.php?id=184244"]
[Date "2007.3.18"]
[Round "-"]
[White "Dextter"]
[Black "Sandro"]
[Result "0-1"]
[WhiteElo "1321"]
[BlackElo "1667"]

1. e4 e5 2. Nc3 Nf6 3. Bc4 Qe7 4. Nb5 d6 5. Nf3 a6 6. Nc3 b5 7. Bd3 b4 8. Nd5
Nxd5 9. exd5 e4 10. Bxe4 Qxe4+ 11. Qe2 Qxe2+ 12. Kxe2 Bb7 13. Kd1 Bxd5 14. Re1+
Be6 15. Ng5 Be7 16. Nxe6 fxe6 17. Rxe6 Kf7 18. Re4 c5 19. d4 d5 20. Rf4+ Ke6 21.
dxc5 Bxc5 22. a3 b3 23. cxb3 Nc6 24. b4 Bd6 25. Rf3 Bxh2 26. Rb3 Bg1 27. b5 Nd4
28. Rb4 Bxf2 29. bxa6 Rxa6 30. Bd2 Ke5 31. b3 Rg6 32. Be1 Rxg2 33. Kd2 Bxe1+ 34.
Kxe1 Rg1+ 35. Kd2 Rxa1 36. Kd3 Rxa3 37. Kc3 Rc8+ 38. Kb2 Rxb3+ 39. Rxb3 Nxb3 40.
Kxb3 d4 0-1

[Event "Challenge"]
[Site "http://www.queenalice.com/game.php?id=184248"]
[Date "2007.3.18"]
[Round "-"]
[White "SGF"]
[Black "Sandro"]
[Result "0-1"]
[WhiteElo "1494"]
[BlackElo "1620"]

1. e4 e5 2. Bc4 Nf6 3. d3 d5 4. exd5 Nxd5 5. Qf3 Be6 6. Nc3 c6 7. Nxd5 cxd5 8.
Bb5+ Nc6 9. Nh3 h6 10. a4 a6 11. Bxc6+ bxc6 12. a5 g5 13. g4 f6 14. c3 Qd7 15.
Qxf6 Bg7 16. Qg6+ Kd8 17. d4 Bxg4 18. Bxg5+ hxg5 19. Nxg5 Kc8 20. dxe5 Rh6 21.
Qf7 Bxe5 22. Qf8+ Kb7 23. Qxh6 Re8 24. O-O Rh8 25. Ne6 Bxe6 26. Qe3 Qg7+ 27. Qg3
Bxg3 28. fxg3 Qh6 29. Rf2 Qe3 30. Ra3 Rxh2 31. Rb3+ Kc7 32. Kxh2 Qxf2+ 33. Kh1
Bh3 34. Rb6 Qg2# 0-1

[Event "Challenge"]
[Site "http://www.queenalice.com/game.php?id=184348"]
[Date "2007.3.18"]
[Round "-"]
[White "SGF"]
[Black "Sandro"]
[Result "0-1"]
[WhiteElo "1498"]
[BlackElo "1670"]

1. e4 e5 2. Nf3 Nc6 3. c3 Nf6 4. Qc2 d5 5. exd5 Nxd5 6. Qa4 Bd7 7. Qb3 Be6 8.
Qxb7 Na5 9. Qb5+ c6 10. Qa4 Bd6 11. b4 Nb7 12. Qxc6+ Qd7 13. Qa6 O-O 14. Bb5 Qc8
15. Bc6 Nf4 16. Bxb7 Nxg2+ 17. Kf1 Bc4+ 18. Kxg2 Qg4# 0-1

[Event "Let's Play Chess!"]
[Site "http://www.queenalice.com/game.php?id=185228"]
[Date "2007.3.21"]
[Round "-"]
[White "Sandro"]
[Black "spawnwolfwolverine"]
[Result "1-0"]
[WhiteElo "1642"]
[BlackElo "1665"]

1. e4 e6 2. d3 d6 3. Nf3 c6 4. Be3 Ne7 5. c4 g6 6. d4 Bg7 7. Nc3 O-O 8. h4 a6 9.
h5 Qa5 10. h6 Bf6 11. Bg5 Bxg5 12. Nxg5 d5 13. f3 b5 14. Qd2 dxc4 15. Be2 Bb7
16. Qf4 f5 17. Qe5 Rf7 18. Qxe6 fxe4 19. Qxf7+ Kh8 20. Qg7# 1-0

[Event "Challenge"]
[Site "http://www.queenalice.com/game.php?id=185229"]
[Date "2007.3.20"]
[Round "-"]
[White "Sandro"]
[Black "Raven420"]
[Result "0-1"]
[WhiteElo "1670"]
[BlackElo "1849"]

1. e4 c5 2. Nf3 Nc6 3. d4 cxd4 4. Nxd4 Nf6 5. Nc3 e5 6. Nxc6 bxc6 7. Bg5 Be7 8.
f4 h6 9. Bxf6 Bxf6 10. f5 Qc7 11. b4 Bb7 12. a4 O-O 13. g4 Bh4+ 14. Kd2 d5 15.
Bd3 Rad8 16. Qf3 dxe4 17. Nxe4 c5 18. c4 Rd4 19. f6 Bxe4 0-1

[Event "Challenge"]
[Site "http://www.queenalice.com/game.php?id=185593"]
[Date "2007.3.21"]
[Round "-"]
[White "rhardt"]
[Black "Sandro"]
[Result "1-0"]
[WhiteElo "1678"]
[BlackElo "1670"]

1. e4 e5 2. Nf3 Nc6 3. Bb5 Nd4 4. Nxd4 c6 5. Nxc6 bxc6 6. Ba4 Nf6 7. Qe2 Bb7 8.
O-O Bd6 9. d3 Ba6 10. Be3 Nxe4 11. Nd2 f5 12. Nxe4 fxe4 13. Rfd1 h5 14. c4 Be7
15. dxe4 g5 16. h3 g4 17. hxg4 hxg4 18. Bxc6 dxc6 19. Rxd8+ Kxd8 20. Qxg4 Bxc4
21. Rd1+ Kc7 22. Qd7+ Kb8 23. Qxe7 Bxa2 24. Rd7 1-0

[Event "Let's Play Chess!"]
[Site "http://www.queenalice.com/game.php?id=185760"]
[Date "2007.3.21"]
[Round "-"]
[White "captainslog"]
[Black "Sandro"]
[Result "1-0"]
[WhiteElo "1527"]
[BlackElo "1682"]

1. c4 c5 2. Nc3 Nc6 3. g3 g6 4. Bg2 Bg7 5. Nf3 Nf6 6. O-O O-O 7. b3 e5 8. Bb2 d6
9. e3 Re8 10. e4 Bg4 11. h3 Bxf3 12. Bxf3 Nd4 13. d3 h5 14. a4 a5 15. Nb5 Nxf3+
16. Qxf3 Bh6 17. Bc1 g5 18. Qf5 Nh7 19. h4 f6 20. Qg6+ 1-0

[Event "Challenge"]
[Site "http://www.queenalice.com/game.php?id=186071"]
[Date "2007.3.22"]
[Round "-"]
[White "Mike36bh"]
[Black "Sandro"]
[Result "0-1"]
[WhiteElo "1716"]
[BlackElo "1660"]

1. d4 d5 2. Nc3 Nf6 3. Bf4 Nc6 4. Nb5 e5 5. dxe5 a6 6. exf6 axb5 7. fxg7 Bxg7 8.
c3 b4 9. Bd2 Be6 10. e3 bxc3 11. Bxc3 Bxc3+ 12. bxc3 Qd6 13. Nf3 Bg4 14. h3 Bxf3
15. Qxf3 Ra3 16. c4 Qb4+ 17. Kd1 Qb2 18. Rc1 Rxa2 19. Qxd5 O-O 20. g4 Rd8 21.
Qxd8+ Nxd8 0-1

[Event "Challenge"]
[Site "http://www.queenalice.com/game.php?id=186977"]
[Date "2007.3.24"]
[Round "-"]
[White "Sandro"]
[Black "captainslog"]
[Result "1-0"]
[WhiteElo "1670"]
[BlackElo "1547"]

1. e4 c6 2. e5 d5 3. d4 Bf5 4. g4 Be4 5. f3 Bg6 6. h4 h5 7. Bh3 e6 8. a3 Be7 9.
g5 Qb6 10. Ne2 f6 11. Bxe6 Bf7 12. Nf4 Bxe6 13. Nxe6 fxg5 14. Bxg5 Bxg5 15. hxg5
Nd7 16. Nxg7+ Kf7 17. Nxh5 Ne7 18. e6+ Kxe6 19. Nf4+ Kd6 20. Rg1 Nf5 21. c3 Qd8
22. Qd3 Qe7+ 23. Ne2 Qe6 24. Nd2 Rag8 25. O-O-O Rh3 26. Rde1 Qg6 27. Nf4 1-0

[Event "Challenge"]
[Site "http://www.queenalice.com/game.php?id=187003"]
[Date "2007.3.24"]
[Round "-"]
[White "Celestina"]
[Black "Sandro"]
[Result "0-1"]
[WhiteElo "1089"]
[BlackElo "1679"]

1. d4 d5 2. Bf4 Nc6 3. Nf3 h6 4. e3 g5 5. Bg3 g4 6. Nh4 h5 7. Nc3 Bg7 8. a3 a6
9. Bd3 e5 10. dxe5 Nxe5 11. Bxe5 Bxe5 12. Na4 Qxh4 13. g3 Qf6 14. e4 Qc6 15. Nc3
Bxc3+ 16. bxc3 Qxc3+ 17. Ke2 Qe5 18. Rb1 Bf5 19. Rxb7 dxe4 20. Bxe4 Qxe4+ 21.
Kf1 Qxh1+ 22. Ke2 Qxb7 23. Qd4 Qf3+ 24. Kf1 Rd8 25. Qe5+ Be6 26. Qe1 Rd1 27.
Qxd1 Qxd1+ 28. Kg2 Bd5+ 29. f3 Bxf3+ 30. Kf2 Qe2+ 31. Kg1 Qg2# 0-1

[Event "Let's Play Chess!"]
[Site "http://www.queenalice.com/game.php?id=187133"]
[Date "2007.3.24"]
[Round "-"]
[White "Matman"]
[Black "Sandro"]
[Result "1-0"]
[WhiteElo "1593"]
[BlackElo "1679"]

1. Nf3 d5 2. c4 e6 3. e3 Nf6 4. Nc3 Nc6 5. cxd5 exd5 6. Bb5 a6 7. Bxc6+ bxc6 8.
Ne5 Qd6 9. d4 Be6 10. Qa4 Bd7 11. Qc2 c5 12. Nxd7 Nxd7 13. O-O c4 14. f4 g6 15.
Re1 Be7 16. e4 O-O-O 17. e5 Qe6 18. b3 f6 19. bxc4 dxc4 20. Qa4 Qb6 21. Be3 Nb8
22. d5 Bc5 23. Bxc5 Qxc5+ 24. Kh1 g5 25. e6 Rhe8 26. Ne4 Qxd5 27. Nxf6 Qb5 28.
Qxb5 axb5 29. Nxe8 Rxe8 30. f5 Nc6 31. f6 1-0

[Event "Challenge"]
[Site "http://www.queenalice.com/game.php?id=187292"]
[Date "2007.3.24"]
[Round "-"]
[White "Sandro"]
[Black "Pentotal"]
[Result "0-1"]
[WhiteElo "1705"]
[BlackElo "2242"]

1. d4 d5 2. Nc3 Nf6 3. h3 Nc6 4. Nf3 e6 5. e3 Bd6 6. Bd3 e5 7. dxe5 Nxe5 8. Nxe5
Bxe5 9. f4 Bxc3+ 10. bxc3 Qe7 11. g4 Bd7 12. Qd2 h5 13. g5 Ne4 14. Bxe4 Qxe4 15.
Rg1 O-O-O 16. Bb2 Bxh3 17. O-O-O Bg4 18. Rde1 Bf5 19. a3 h4 20. Qe2 Rh7 21. Rd1
h3 22. c4 d4 23. Bxd4 h2 24. Rh1 Rxd4 25. Rxd4 Qxh1+ 0-1

[Event "Brasileiro X Argentino"]
[Site "http://www.queenalice.com/game.php?id=187509"]
[Date "2007.3.25"]
[Round "-"]
[White "paulorobinsonben"]
[Black "Sandro"]
[Result "0-1"]
[WhiteElo "1746"]
[BlackElo "1734"]

1. Nf3 d5 2. d4 Nc6 3. Nc3 Nf6 4. Bf4 Bf5 5. Nb5 Rc8 6. Ne5 a6 7. Nxc6 bxc6 8.
Nxc7+ Rxc7 9. Bxc7 Qxc7 10. e3 e6 11. b3 Bb4+ 12. Ke2 Bc3 13. Rb1 Ne4 14. f3 Nd2
15. b4 e5 16. dxe5 Qxe5 17. f4 Qe4 18. a3 d4 19. Qxd2 Bxd2 20. Kxd2 Qxe3+ 21.
Kd1 O-O 22. Be2 Rd8 23. Rb3 Bxc2+ 24. Kxc2 Qxe2+ 25. Kb1 d3 26. Rb2 d2 27. Ka2
Qxg2 28. Rhb1 Qxh2 29. f5 Qe5 30. Rd1 h5 31. Rdxd2 Rxd2 32. Rxd2 Qxf5 33. Rd8+
Kh7 34. Rd6 Qg4 35. Rd2 h4 36. Rd6 h3 37. Kb2 h2 38. Rxc6 h1=Q 39. Rc2 Qd4+ 40.
Rc3 Qhd1 41. a4 Q1d2+ 42. Kb1 Q4xc3 43. b5 Qcb2# 0-1

[Event "Ermano X Brasileiro"]
[Site "http://www.queenalice.com/game.php?id=187510"]
[Date "2007.3.25"]
[Round "-"]
[White "Sandro"]
[Black "paulorobinsonben"]
[Result "1-0"]
[WhiteElo "1712"]
[BlackElo "1780"]

1. d4 d5 2. Nc3 g6 3. f3 Nc6 4. Be3 Bf5 5. g4 Bc8 6. Bg2 Nf6 7. g5 Nh5 8. f4 e6
9. Nf3 Bd6 10. Qd2 f6 11. h4 fxg5 12. hxg5 O-O 13. Nh4 Nxf4 14. O-O-O Qxg5 15.
Rdg1 Bb4 16. Bf3 Bxc3 17. bxc3 Qf6 18. Rg4 Nh5 19. Bh6 Rf7 20. Nxg6 hxg6 21.
Rxh5 Rh7 22. Rxg6+ Qxg6 23. Rg5 Qxg5 24. Qxg5+ Kh8 25. Qf6+ Kg8 26. Qf8# 1-0

[Event "Challenge"]
[Site "http://www.queenalice.com/game.php?id=189583"]
[Date "2007.3.29"]
[Round "-"]
[White "Sandro"]
[Black "captainslog"]
[Result "1-0"]
[WhiteElo "1683"]
[BlackElo "1547"]

1. d4 Nf6 2. Nc3 e6 3. e4 Bb4 4. e5 Nd5 5. Qd2 Nc6 6. a3 Bxc3 7. bxc3 O-O 8. c4
Nb6 9. c5 Nd5 10. c4 Nde7 11. Nf3 h6 12. h4 d6 13. g4 dxc5 14. h5 Nxd4 15. Nxd4
Qxd4 16. Qxd4 cxd4 17. Bd3 c5 18. f4 f5 19. g5 hxg5 20. fxg5 g6 21. h6 Kh7 22.
a4 b6 23. a5 Bb7 24. Rh4 f4 25. Bxf4 Bc6 26. Kd2 Nf5 27. Bxf5 Rxf5 28. Kd3 Bf3
29. Ra2 Bh5 30. axb6 a5 31. b7 Rb8 32. Rb2 Bf3 33. Rb6 Rxb7 34. Rxe6 Rb3+ 35.
Kd2 a4 36. Re7+ Kh8 37. h7 Rf8 38. e6 1-0

[Event "Challenge"]
[Site "http://www.queenalice.com/game.php?id=189769"]
[Date "2007.3.30"]
[Round "-"]
[White "SGF"]
[Black "Sandro"]
[Result "0-1"]
[WhiteElo "1565"]
[BlackElo "1694"]

1. e4 e5 2. Nf3 Nc6 3. c3 Nf6 4. Bd3 d5 5. Ng5 h6 6. Nf3 dxe4 7. Bb5 exf3 8.
Qxf3 e4 9. Qf4 Bd6 10. Qe3 a6 11. Bxc6+ bxc6 12. a4 c5 13. d3 Bb7 14. Nd2 Ng4
15. Qe2 f5 16. f3 Qh4+ 17. g3 Bxg3+ 18. hxg3 Qxh1+ 19. Qf1 Qxf1+ 20. Nxf1 exf3
21. Ne3 Nxe3 22. Bxe3 O-O-O 23. Rd1 Rhe8 24. Kf2 c4 25. d4 g5 26. Rh1 f4 27.
gxf4 g4 28. Rxh6 g3+ 29. Kxg3 Rxe3 30. f5 Re2 31. f6 f2 32. Rg6 f1=Q 33. Kg4
Qf3+ 34. Kg5 Rg2+ 35. Kh6 Be4 36. Rxg2 Qxf6+ 37. Kh5 Bxg2 38. b4 Rd5+ 39. Kg4
Qf3+ 40. Kh4 Rh5# 0-1

[Event "Challenge"]
[Site "http://www.queenalice.com/game.php?id=189770"]
[Date "2007.3.30"]
[Round "-"]
[White "Sandro"]
[Black "SuperMouse"]
[Result "0-1"]
[WhiteElo "1683"]
[BlackElo "1688"]

1. d4 Nf6 2. Nc3 g6 3. e4 d6 4. d5 c6 5. Bc4 b5 6. Bb3 b4 7. Nce2 Nxe4 8. Qd4
Nf6 9. dxc6 Nxc6 10. Ba4 Bd7 11. Bxc6 Bxc6 12. Qxb4 e5 13. Bg5 Rb8 14. Qc3 Bxg2
15. f3 Bxh1 16. O-O-O Be7 17. Bxf6 Bxf6 18. Qc6+ Qd7 19. Rxd6 Qxc6 20. Rxc6 Bg5+
21. Kb1 O-O 22. Rd6 Be3 23. Rd1 Bxg1 24. Nxg1 Rfd8 25. Re1 Rd2 26. h4 Rbd8 27.
Kc1 Rh2 28. Rxe5 Rdd2 29. Rc5 Rdg2 0-1

[Event "Tora Tora Tora"]
[Site "http://www.queenalice.com/game.php?id=193579"]
[Date "2007.4.7"]
[Round "-"]
[White "captainslog"]
[Black "Sandro"]
[Result "0-1"]
[WhiteElo "1516"]
[BlackElo "1703"]

1. d4 d5 2. c4 e6 3. Nc3 Bb4 4. Qb3 Bxc3+ 5. bxc3 Nf6 6. Bg5 h6 7. Bxf6 Qxf6 8.
Nf3 c6 9. e3 Nd7 10. c5 O-O 11. Bd3 Re8 12. O-O e5 13. Rfe1 e4 14. Ne5 exd3 15.
Nxd3 Qg6 16. Nf4 Qf5 17. Rab1 g5 18. Nh5 g4 19. Ng3 Qg5 20. Qd1 Nf6 21. Qd3 h5
22. Ne2 h4 23. Rf1 Ne4 24. f4 Qh5 25. Rb2 Bf5 26. Qd1 g3 27. h3 Nf2 28. Rxf2
gxf2+ 29. Kxf2 Re4 30. Rxb7 Rae8 31. Qd3 Rxe3 0-1